Vector analysis with applications (Record no. 5838)

000 -LEADER
fixed length control field 00528nam a22002051 4500
001 - CONTROL NUMBER
control field 5838
003 - CONTROL NUMBER IDENTIFIER
control field BD-DhUET
008 - FIXED-LENGTH DATA ELEMENTS--GENERAL INFORMATION
fixed length control field 861017s1932 enka 000 0 eng c
020 ## - INTERNATIONAL STANDARD BOOK NUMBER
International Standard Book Number 8122405487
040 ## - CATALOGING SOURCE
Original cataloging agency DLC/ICU
Transcribing agency CGU
Modifying agency BD-DhUET
082 0# - DEWEY DECIMAL CLASSIFICATION NUMBER
Classification number 516.83
Item number ALI/1993
100 ## - MAIN ENTRY--PERSONAL NAME
Personal name Ali Ashraf, Md.
245 10 - TITLE STATEMENT
Title Vector analysis with applications
250 ## - EDITION STATEMENT
Edition statement 3rd ed.
260 ## - PUBLICATION, DISTRIBUTION, ETC. (IMPRINT)
Place of publication, distribution, etc. New Delhi
Name of publisher, distributor, etc. Wiley Eastern
Date of publication, distribution, etc. 1993
300 ## - PHYSICAL DESCRIPTION
Extent xv,308p.
Other physical details ill.
Dimensions 23 cm.
504 ## - BIBLIOGRAPHY, ETC. NOTE
Bibliography, etc Includes bibliographies
650 #0 - SUBJECT ADDED ENTRY--TOPICAL TERM
Topical term or geographic name as entry element Vector analysis
942 ## - ADDED ENTRY ELEMENTS (KOHA)
Koha item type General Book
Holdings
Price effective from Source of classification or shelving scheme Shelving location Lost status Location (home branch) Sublocation or collection (holding branch) Damaged status Koha out on loan Koha issues (times borrowed) Withdrawn status Date acquired Not for loan Koha date last seen Koha item type Koha date last borrowed Koha renewals Koha full call number Piece designation (barcode) Copy number Koha normalized classification for sorting
2014-11-29 Circulation section Central Library, BUETCentral Library, BUET 2022-12-273 2014-11-29 2022-12-13General Book2022-12-13 516.83/ALI/1993875318516_830000000000000_ALI_1993
2014-12-21 Circulation section Central Library, BUETCentral Library, BUET  13 2014-12-21 2025-05-13General Book2025-04-291516.83/ALI/1998875282516_830000000000000_ALI_1998
2015-01-27 Circulation section Central Library, BUETCentral Library, BUET    2015-01-27 2016-04-02General Book  516.83/ALI/1998875303516_830000000000000_ALI_1998
2015-01-31 Circulation section Central Library, BUETCentral Library, BUET  6 2015-01-31 2025-11-30General Book2022-12-13 516.83/ALI/1998487834516_830000000000000_ALI_1998
2015-02-11 Circulation section Central Library, BUETCentral Library, BUET  5 2015-02-11 2020-11-03General Book2020-01-05 516.83/ALI/1998941021516_830000000000000_ALI_1998
2015-04-11 Circulation section Central Library, BUETCentral Library, BUET  8 2015-04-11 2025-11-18General Book2024-04-02 516.83/ALI/1993875257516_830000000000000_ALI_1993
2015-04-23 Circulation section Central Library, BUETCentral Library, BUET  6 2015-04-23 2025-11-29General Book2023-09-27 516.83/ALI/1993875266516_830000000000000_ALI_1993
2015-05-03 Circulation section Central Library, BUETCentral Library, BUET  2 2015-05-03 2022-05-25General Book2022-03-30 516.83/ALI/1993875297516_830000000000000_ALI_1993
2015-06-07 Reading section Central Library, BUETCentral Library, BUET    2015-06-07 2015-06-07Reading Item  516.83/ALI/1993875509516_830000000000000_ALI_1993
2015-06-07 Reading section Central Library, BUETCentral Library, BUET    2015-06-07 2015-06-07Reading Item  516.83/ALI/19939237410516_830000000000000_ALI_1993
2015-06-08 Reading section Central Library, BUETCentral Library, BUET    2015-06-08 2015-06-08Reading Item  516.83/ALI/19939410012516_830000000000000_ALI_1993
2015-06-14 Reading section Central Library, BUETCentral Library, BUET    2015-06-14 2015-06-14Reading Item  516.83/ALI/19938755113516_830000000000000_ALI_1993
2015-09-02 Circulation section Central Library, BUETCentral Library, BUET    2015-09-02 2017-03-04General Book  516.83/ALI/19938752714516_830000000000000_ALI_1993